[Event "Montcalm 3 2023-24"]
[Site "Quebec CAN"]
[Date "2023.11.30"]
[Round "3"]
[White "Brown, Zachary"]
[Black "Cournoyer, Dominic"]
[Result "0-1"]
[WhiteElo "1633"]
[BlackElo "1885"]
[PlyCount "66"]
[EventDate "2023.11.16"]
[EventType "swiss"]
[EventRounds "5"]
[EventCountry "CAN"]

1. e4 c6 2. d4 d5 3. f3 g6 4. Bd3 dxe4 5. Bxe4 Bg7 6. c3 Nf6 7. Ne2 Nxe4 8.
fxe4 O-O 9. O-O Nd7 10. Be3 Nf6 11. Nd2 Ng4 12. Bf4 e5 13. dxe5 g5 14. Bg3 Ne3
15. Qc1 Nxf1 16. Nxf1 Qe7 17. Nd4 Bxe5 18. Qe3 h6 19. Re1 Bxg3 20. Nxg3 Be6 21.
e5 c5 22. Nf3 Bg4 23. Qe4 f5 24. Qd5+ Kh7 25. e6 Rad8 26. Qb3 Bxf3 27. gxf3 Rd6
28. Re5 f4 29. Nf5 Rxf5 30. Rxf5 Rxe6 31. Kg2 b6 32. h4 gxh4 33. Kh3 Qg7 0-1

[Event "Montcalm 3 2023-24"]
[Site "Quebec CAN"]
[Date "2023.11.30"]
[Round "3"]
[White "Dufresne, Samuel"]
[Black "Bourassa, Louis"]
[Result "1-0"]
[WhiteElo "1316"]
[BlackElo "1282"]
[PlyCount "65"]
[EventDate "2023.11.16"]
[EventType "swiss"]
[EventRounds "5"]
[EventCountry "CAN"]

1. e4 c6 2. d4 d5 3. exd5 cxd5 4. Bd3 Nf6 5. h3 Nc6 6. c3 e5 7. dxe5 Nxe5 8.
Qe2 Qe7 9. Bb5+ Bd7 10. Bxd7+ Nfxd7 11. Be3 g6 12. Bd4 Bg7 13. Bxe5 Nxe5 14.
Qb5+ Nc6+ 15. Ne2 O-O 16. O-O a6 17. Qd3 Rfe8 18. Ng3 d4 19. cxd4 Bxd4 20. Nc3
Rad8 21. Qc2 Qg5 22. Kh1 Be5 23. Nge2 Rd2 24. Qb3 b5 25. Ne4 Rxb2 26. Qxf7+
Kxf7 27. Nxg5+ Kg7 28. Rac1 Rxe2 29. Rxc6 Rxa2 30. f4 Bc3 31. Rxc3 Ree2 32.
Rc7+ Kh6 33. Rxh7# 1-0

[Event "Montcalm 3 2023-24"]
[Site "Quebec CAN"]
[Date "2023.11.30"]
[Round "3"]
[White "Glode, Martin"]
[Black "Dumont, Eric"]
[Result "1-0"]
[WhiteElo "1910"]
[BlackElo "1720"]
[PlyCount "93"]
[EventDate "2023.11.16"]
[EventType "swiss"]
[EventRounds "5"]
[EventCountry "CAN"]

1. e4 c6 2. d3 d5 3. Nd2 g6 4. Ngf3 Bg7 5. g3 Nf6 6. Bg2 O-O 7. O-O Bg4 8. h3
dxe4 9. dxe4 Bxf3 10. Bxf3 Qc7 11. Nc4 Nbd7 12. Bf4 e5 13. Be3 Rfd8 14. Qd6 Ne8
15. Qxc7 Nxc7 16. Rfd1 Nb5 17. c3 Nf8 18. a4 Nc7 19. Rxd8 Rxd8 20. Bxa7 Nce6
21. Be3 b5 22. Na5 bxa4 23. Nxc6 Ra8 24. Bd1 Nd7 25. Rxa4 Rxa4 26. Bxa4 Ndc5
27. Bc2 Kf8 28. b4 Nb7 29. Ba4 f5 30. Bb3 f4 31. Bxe6 fxe3 32. fxe3 Nd6 33. Bd5
Nb5 34. c4 Nc3 35. Kf2 Ke8 36. Ke1 Kd7 37. Kd2 Na4 38. c5 Kc7 39. Kc2 Bh6 40.
Kb3 Nxc5+ 41. bxc5 Bxe3 42. Kc4 Bf2 43. g4 Bg3 44. Kb5 Bf4 45. Bg8 h6 46. Ne7
h5 47. Nxg6 1-0

[Event "Montcalm 3 2023-24"]
[Site "Quebec CAN"]
[Date "2023.11.30"]
[Round "3"]
[White "Huxley, Zachary"]
[Black "Drolet, Stephane"]
[Result "0-1"]
[WhiteElo "1480"]
[BlackElo "2058"]
[PlyCount "148"]
[EventDate "2023.11.16"]
[EventType "swiss"]
[EventRounds "5"]
[EventCountry "CAN"]

1. e4 c5 2. Nf3 a6 3. c3 Nf6 4. Bd3 Nc6 5. Bc2 d5 6. e5 Nd7 7. d4 cxd4 8. cxd4
Nb6 9. Nc3 Bg4 10. Be3 Nc4 11. Rb1 e6 12. Qe2 Nb4 13. Ba4+ Nc6 14. O-O Rc8 15.
Rfd1 Bb4 16. a3 Bxc3 17. bxc3 b5 18. Bb3 N6a5 19. Bxc4 Rxc4 20. Bd2 O-O 21. Rb4
Qe7 22. Qd3 Nc6 23. Rxc4 bxc4 24. Qe3 Qxa3 25. h3 Qb3 26. Ra1 Bxf3 27. Qxf3 a5
28. Qd1 Rb8 29. Qc1 Qb2 30. g4 Qxc1+ 31. Bxc1 Rb3 32. Bd2 Kf8 33. Kf1 Ke8 34.
f4 Kd7 35. Ke2 Kc7 36. h4 Kb6 37. h5 Kb5 38. h6 g6 39. Kd1 a4 40. Kc2 a3 41.
Ra2 Ka4 42. Bc1 Na7 43. Bd2 Nc8 44. Bc1 Nb6 45. Bd2 Kb5 46. Bc1 Ka4 47. Bd2 Nc8
48. Bc1 Na7 49. Bd2 Rb8 50. Bc1 Nb5 51. g5 Ra8 52. Bd2 Ka5 53. Bc1 Kb6 54. Bd2
Kc6 55. Bc1 Ra6 56. Bd2 Ra7 57. Bc1 Kb6 58. Bd2 Ka5 59. Bc1 Ka4 60. Bd2 Rb7 61.
Bc1 Rb6 62. Bd2 Na7 63. Bc1 Rb3 64. Bd2 Nc8 65. Bc1 Ne7 66. Bd2 Nf5 67. Bc1 Ng3
68. Bd2 Nf5 69. Bc1 Ng3 70. Be3 Ne4 71. Bd2 Nxd2 72. Kxd2 Rb2+ 73. Rxb2 axb2
74. Kc2 b1=Q+ 0-1

[Event "Montcalm 3 2023-24"]
[Site "Quebec CAN"]
[Date "2023.11.30"]
[Round "3"]
[White "Lapierre, Gaetan"]
[Black "Duguay-Piron, Simon"]
[Result "1-0"]
[WhiteElo "1738"]
[BlackElo "1747"]
[PlyCount "113"]
[EventDate "2023.11.16"]
[EventType "swiss"]
[EventRounds "5"]
[EventCountry "CAN"]

1. e4 c5 2. Nc3 a6 3. d3 Nc6 4. g3 Nf6 5. Bg2 d6 6. h3 e5 7. Nge2 h6 8. O-O g5
9. a4 Be7 10. Nd5 Be6 11. Kh2 Rc8 12. f4 gxf4 13. gxf4 Rg8 14. c4 Nh5 15. Nxe7
Qxe7 16. f5 Bd7 17. Bd2 Qh4 18. Be1 Qg5 19. Rg1 Qe3 20. Bd2 Qxd3 21. Bxh6 Qxd1
22. Rgxd1 Nd4 23. Nxd4 cxd4 24. Bf3 Nf6 25. b3 Bc6 26. Re1 Ke7 27. Ra2 Rh8 28.
Bd2 Rh4 29. Bg5 Rh7 30. Rg2 b5 31. axb5 axb5 32. Ra1 Rc7 33. Rc2 Bd7 34. Rac1
b4 35. c5 Rc6 36. cxd6+ Rxd6 37. Rc5 Rh8 38. Rxe5+ Kf8 39. Rec5 Nh7 40. Bf4 Rb6
41. Be5 Rg8 42. Bxd4 Rd6 43. Rc8+ Bxc8 44. Rxc8+ Ke7 45. Rxg8 Rxd4 46. Rg7 Rd2+
47. Kg3 Nf6 48. e5 Ne8 49. Rg4 Rd3 50. Rxb4 Nc7 51. Rb7 Kd8 52. f6 Ne6 53. Kf2
Rc3 54. Bg4 Rc2+ 55. Kg3 Rc3+ 56. Kh4 Nf4 57. Rb8+ 1-0

[Event "Montcalm 3 2023-24"]
[Site "Quebec CAN"]
[Date "2023.11.30"]
[Round "3"]
[White "Mercure, Gilbert"]
[Black "Marquis, Paul"]
[Result "1/2-1/2"]
[WhiteElo "1814"]
[BlackElo "1915"]
[PlyCount "101"]
[EventDate "2023.11.16"]
[EventType "swiss"]
[EventRounds "5"]
[EventCountry "CAN"]

1. e4 e6 2. Nf3 d5 3. e5 c5 4. b4 c4 5. c3 a5 6. b5 Nd7 7. a4 Qc7 8. Qe2 Nc5 9.
Ba3 Nd3+ 10. Kd1 Bxa3 11. Nxa3 Ne7 12. b6 Qxb6 13. Nd4 Ng6 14. Rb1 Qc5 15. Nac2
Ngxe5 16. h3 O-O 17. Qe3 Ng6 18. Bxd3 cxd3 19. Qxd3 e5 20. Rb5 Nf4 21. Qf3 Qc4
22. Na3 Qxa4+ 23. Ndc2 Bf5 24. Rb6 d4 25. cxd4 Rac8 26. Qb3 Qxb3 27. Rxb3 Rc7
28. g3 Nxh3 29. Ke2 Bxc2 30. Nxc2 Rxc2 31. Rxh3 Rc7 32. dxe5 Rd8 33. g4 Rcd7
34. d3 a4 35. Rb4 Ra8 36. d4 Ra5 37. Ra3 b5 38. Ke3 Kf8 39. Ke4 Ke7 40. f4 f6
41. d5 fxe5 42. fxe5 h6 43. Kd4 Kd8 44. d6 Ke8 45. Kd5 Rf7 46. Kc6 Ra6+ 47. Kd5
Ra5 48. Rc3 Rf1 49. e6 Rd1+ 50. Kc6 Ra6+ 51. Kxb5 1/2-1/2

[Event "Montcalm 3 2023-24"]
[Site "Quebec CAN"]
[Date "2023.11.30"]
[Round "3"]
[White "Miskic, Zdenko"]
[Black "Michaud, Jacques"]
[Result "0-1"]
[WhiteElo "1465"]
[BlackElo "1446"]
[PlyCount "62"]
[EventDate "2023.11.16"]
[EventType "swiss"]
[EventRounds "5"]
[EventCountry "CAN"]

1. e4 c5 2. Nf3 d6 3. d4 cxd4 4. Nxd4 Nf6 5. Bd3 e6 6. O-O Be7 7. Nc3 O-O 8.
Nb3 a6 9. a3 b5 10. h3 Nc6 11. f3 Bb7 12. Be3 Ne5 13. Qd2 Nxd3 14. Qxd3 Qc7 15.
Rfd1 Rfd8 16. Bf2 Rac8 17. Rac1 d5 18. exd5 Nxd5 19. Nxd5 Bxd5 20. Qe3 h6 21.
Be1 Bg5 22. Qf2 Bxc1 23. Ba5 Qf4 24. Nxc1 Rd6 25. c3 Qa4 26. Rd4 Qxa5 27. Nd3
Qb6 28. Qg3 Rc4 29. Qe5 Rxd4 30. cxd4 f6 31. Qe3 Bc4 0-1

[Event "Montcalm 3 2023-24"]
[Site "Quebec CAN"]
[Date "2023.11.30"]
[Round "3"]
[White "Poulin, Mark-Olivier"]
[Black "Fleury, Dominic"]
[Result "0-1"]
[WhiteElo "1148"]
[BlackElo "1364"]
[PlyCount "54"]
[EventDate "2023.11.16"]
[EventType "swiss"]
[EventRounds "5"]
[EventCountry "CAN"]

1. d4 d5 2. c4 e6 3. Nf3 Nf6 4. Nc3 Bb4 5. Bg5 Be7 6. e3 b6 7. Be2 Bb7 8. O-O
Nbd7 9. a3 O-O 10. b4 c5 11. Qc2 cxb4 12. axb4 Bxb4 13. Rfb1 Be7 14. Nb5 a6 15.
Nc3 Rc8 16. Qa4 b5 17. cxb5 Rxc3 18. bxa6 Bc6 19. Qd1 Ne4 20. Bxe7 Qxe7 21. Nd2
Ndf6 22. a7 Nxd2 23. Qxd2 Ra3 24. Qb2 Rxa7 25. Qb8 Rxb8 26. Rxb8+ Be8 27. Rab1
Kf8 0-1

[Event "Montcalm 3 2023-24"]
[Site "Quebec CAN"]
[Date "2023.11.30"]
[Round "3"]
[White "Sauve, Richard"]
[Black "Genest, Dominic"]
[Result "1-0"]
[WhiteElo "1914"]
[BlackElo "1801"]
[PlyCount "61"]
[EventDate "2023.11.16"]
[EventType "swiss"]
[EventRounds "5"]
[EventCountry "CAN"]

1. d4 d5 2. c4 e6 3. Nc3 Nf6 4. Bg5 Nbd7 5. Nf3 c6 6. cxd5 exd5 7. e3 Bd6 8.
Be2 O-O 9. O-O Re8 10. Rc1 Nf8 11. a3 a5 12. Na4 Ng6 13. Qc2 h6 14. Bxf6 Qxf6
15. Nb6 Bf5 16. Qd2 Ra7 17. Na4 b5 18. Nc5 a4 19. Nd3 Rae7 20. Rc3 Bd7 21. Rfc1
Qe6 22. Nc5 Bxc5 23. Rxc5 f5 24. Bd3 Qf6 25. Qc2 Nf8 26. Ne5 Rxe5 27. dxe5 Qxe5
28. Qc3 Qd6 29. Rxc6 Bxc6 30. Qxc6 Qe5 31. Qc3 1-0

[Event "Montcalm 3 2023-24"]
[Site "Quebec CAN"]
[Date "2023.12.07"]
[Round "4"]
[White "Bourassa, Louis"]
[Black "Miskic, Zdenko"]
[Result "0-1"]
[WhiteElo "1282"]
[BlackElo "1465"]
[PlyCount "48"]
[EventDate "2023.11.16"]
[EventType "swiss"]
[EventRounds "5"]
[EventCountry "CAN"]

1. d4 c5 2. d5 d6 3. c4 g6 4. Nc3 Bg7 5. e4 Nf6 6. Qc2 O-O 7. Bd3 Nbd7 8. f4 e6
9. Nf3 exd5 10. cxd5 Re8 11. O-O a6 12. f5 b5 13. fxg6 hxg6 14. Bf4 Nh5 15.
Bxd6 c4 16. Ne2 cxd3 17. Qxd3 Bxb2 18. Rab1 Be5 19. Bb4 Qb6+ 20. Kh1 Kg7 21.
Ng5 Ndf6 22. h3 Rh8 23. g4 Bxg4 24. hxg4 Nf4+ 0-1

[Event "Montcalm 3 2023-24"]
[Site "Quebec CAN"]
[Date "2023.12.07"]
[Round "4"]
[White "Drolet, Stephane"]
[Black "Cournoyer, Dominic"]
[Result "0-1"]
[WhiteElo "2058"]
[BlackElo "1885"]
[PlyCount "52"]
[EventDate "2023.11.16"]
[EventType "swiss"]
[EventRounds "5"]
[EventCountry "CAN"]

1. d4 Nf6 2. Nf3 d5 3. c4 c6 4. Nc3 g6 5. Bg5 Bg7 6. e3 O-O 7. Be2 Be6 8. Ne5
Nbd7 9. f4 dxc4 10. Nxc4 Nb6 11. Nxb6 Qxb6 12. Qd2 Rfd8 13. Rd1 c5 14. Na4 Qc6
15. Nxc5 Qxg2 16. Rf1 Bh3 17. Bxf6 Bxf6 18. Qb4 Qxh2 19. Kd2 Bxf1 20. Rxf1 b6
21. Ne4 Rac8 22. f5 Qg2 23. Nxf6+ exf6 24. fxg6 Rc2+ 25. Kxc2 Qxe2+ 26. Kb3
Qxf1 0-1

[Event "Montcalm 3 2023-24"]
[Site "Quebec CAN"]
[Date "2023.12.07"]
[Round "4"]
[White "Dumont, Eric"]
[Black "Tellez, Vicente"]
[Result "1-0"]
[WhiteElo "1720"]
[BlackElo "1404"]
[PlyCount "89"]
[EventDate "2023.11.16"]
[EventType "swiss"]
[EventRounds "5"]
[EventCountry "CAN"]

1. d4 Nf6 2. Bf4 g6 3. e3 d5 4. c4 c6 5. Nc3 Qa5 6. Qa4 Qb6 7. Qb3 Bg7 8. c5
Qxb3 9. axb3 Bf5 10. Bxb8 Rxb8 11. Rxa7 O-O 12. Kd2 Ne4+ 13. Nxe4 dxe4 14. Ne2
Rfd8 15. Ng3 e5 16. Nxf5 gxf5 17. Bc4 exd4 18. Kc1 dxe3 19. fxe3 Bh6 20. Re1 f4
21. exf4 Bxf4+ 22. Kb1 e3 23. g3 Bh6 24. Rf1 Rf8 25. Kc2 Bg7 26. Rf4 Bh6 27.
Rg4+ Kh8 28. Re4 Rbd8 29. Bd3 Rb8 30. Rh4 Rbe8 31. Rxh6 e2 32. Bxe2 Rxe2+ 33.
Kc3 Rb8 34. Ra4 Kg7 35. Rah4 Rh8 36. b4 Ree8 37. Rd6 Re3+ 38. Rd3 Rxd3+ 39.
Kxd3 Rb8 40. b5 cxb5 41. Rb4 Rd8+ 42. Kc3 Rc8 43. Rxb5 b6 44. b4 bxc5 45. Rxc5
1-0

[Event "Montcalm 3 2023-24"]
[Site "Quebec CAN"]
[Date "2023.12.07"]
[Round "4"]
[White "Fecteau, Martin"]
[Black "Mercure, Gilbert"]
[Result "0-1"]
[WhiteElo "1897"]
[BlackElo "1814"]
[PlyCount "96"]
[EventDate "2023.11.16"]
[EventType "swiss"]
[EventRounds "5"]
[EventCountry "CAN"]

1. c4 Nc6 2. Nc3 e5 3. g3 Nf6 4. Bg2 Bb4 5. Nd5 Nxd5 6. cxd5 Ne7 7. Nf3 Bd6 8.
Qb3 O-O 9. O-O b6 10. d3 h6 11. Nd2 Bb7 12. Nc4 Nf5 13. Nxd6 Nxd6 14. Bd2 a5
15. a4 Nf5 16. e3 d6 17. Rac1 Ne7 18. Rc2 Qd7 19. Rfc1 Rfc8 20. e4 f5 21. Bc3
Ba6 22. Rd2 Kh8 23. d4 exd4 24. Bxd4 fxe4 25. Bxe4 Nf5 26. Bc3 Rf8 27. Qd1 Rae8
28. Qg4 Kh7 29. b3 g6 30. h4 h5 31. Bxf5 Qxf5 32. Qd4 Rf7 33. Kh2 Bc8 34. Re2
Ref8 35. Rce1 Qg4 36. Qxg4 Bxg4 37. Re7 Bf3 38. Rxf7+ Rxf7 39. Re8 g5 40. Rh8+
Kg6 41. Rg8+ Kf5 42. Rxg5+ Ke4 43. b4 Kd3 44. Be1 Ke2 45. Bc3 axb4 46. Bd4 b3
47. Kg1 Bg4 48. f4 Kf3 0-1

[Event "Montcalm 3 2023-24"]
[Site "Quebec CAN"]
[Date "2023.12.07"]
[Round "4"]
[White "Fleury, Dominic"]
[Black "Oliver, Vance"]
[Result "1-0"]
[WhiteElo "1364"]
[BlackElo "1608"]
[PlyCount "67"]
[EventDate "2023.11.16"]
[EventType "swiss"]
[EventRounds "5"]
[EventCountry "CAN"]

1. d4 Nf6 2. Bf4 d5 3. e3 e6 4. Nf3 Bd6 5. Bxd6 Qxd6 6. Bd3 O-O 7. O-O Nbd7 8.
Nbd2 b6 9. c4 Bb7 10. cxd5 exd5 11. Rc1 Ne4 12. Qc2 c5 13. Nxe4 dxe4 14. Bxe4
Bxe4 15. Qxe4 Rae8 16. dxc5 Nxc5 17. Qc4 Re4 18. Qc2 Qg6 19. Rfd1 Rg4 20. g3
Qf6 21. Qe2 h5 22. Rd4 Ne4 23. h3 Nxg3 24. fxg3 Rxg3+ 25. Kf2 Rxh3 26. Kg2 Qe6
27. Qc4 Qxe3 28. Rd3 Rh2+ 29. Kxh2 Qf2+ 30. Kh1 Re8 31. Qh4 Qxb2 32. Rcd1 Qe2
33. Qxh5 a5 34. Re1 1-0

[Event "Montcalm 3 2023-24"]
[Site "Quebec CAN"]
[Date "2023.12.07"]
[Round "4"]
[White "Genest, Dominic"]
[Black "Boissinot, Claude"]
[Result "1-0"]
[WhiteElo "1801"]
[BlackElo "1423"]
[PlyCount "75"]
[EventDate "2023.11.16"]
[EventType "swiss"]
[EventRounds "5"]
[EventCountry "CAN"]

1. c4 Nf6 2. g3 e6 3. Bg2 d5 4. Nf3 Nc6 5. O-O b6 6. e3 Bb7 7. b3 Be7 8. Bb2
O-O 9. d4 Ba6 10. Nbd2 Ne4 11. Nxe4 dxe4 12. Nd2 f5 13. f3 Bg5 14. Qe2 Bf6 15.
fxe4 Qd7 16. e5 Bg5 17. Nf3 Be7 18. a3 Rad8 19. b4 Bb7 20. Ne1 Bc8 21. b5 Nb8
22. Qf3 Qe8 23. Qa8 Bd7 24. Qxa7 Bg5 25. Nc2 Qg6 26. Rac1 Qh6 27. Rce1 Be8 28.
Qxc7 Qg6 29. h4 Bxh4 30. gxh4 f4 31. Rxf4 Rxf4 32. exf4 Rd7 33. Qxb8 Re7 34.
Re2 Qg4 35. Rf2 Qxh4 36. Qd8 Kf7 37. f5 Qh5 38. fxe6+ 1-0

[Event "Montcalm 3 2023-24"]
[Site "Quebec CAN"]
[Date "2023.12.07"]
[Round "4"]
[White "Laflamme, Simon"]
[Black "Huxley, Zachary"]
[Result "1-0"]
[WhiteElo "1834"]
[BlackElo "1480"]
[PlyCount "27"]
[EventDate "2023.11.16"]
[EventType "swiss"]
[EventRounds "5"]
[EventCountry "CAN"]

1. d4 d5 2. c4 e6 3. Nc3 Nf6 4. cxd5 exd5 5. Bg5 Be7 6. e3 O-O 7. Bd3 h6 8. Bh4
Be6 9. Nge2 Nbd7 10. Nf4 Qe8 11. Nxe6 fxe6 12. O-O Qf7 13. Qc2 a6 14. Bg6 1-0

[Event "Montcalm 3 2023-24"]
[Site "Quebec CAN"]
[Date "2023.12.07"]
[Round "4"]
[White "Lapierre, Gaetan"]
[Black "Berube, Antoine"]
[Result "0-1"]
[WhiteElo "1738"]
[BlackElo "2236"]
[PlyCount "100"]
[EventDate "2023.11.16"]
[EventType "swiss"]
[EventRounds "5"]
[EventCountry "CAN"]

1. d4 d5 2. c4 e6 3. Nc3 c6 4. e4 dxe4 5. Nxe4 Bb4+ 6. Nc3 e5 7. Be3 Ne7 8.
dxe5 Qa5 9. Nf3 Bxc3+ 10. bxc3 Bg4 11. Be2 Bxf3 12. Bxf3 Qxc3+ 13. Kf1 Nf5 14.
Bd2 Qxc4+ 15. Be2 Qd5 16. Rc1 O-O 17. Bc4 Qxe5 18. Bc3 Qf4 19. Bd2 Qd4 20. Bb4
Qxd1+ 21. Rxd1 Re8 22. Be2 a5 23. Ba3 Na6 24. Bxa6 Rxa6 25. g3 h5 26. Kg2 Re2
27. Rd8+ Kh7 28. Ra1 Rb6 29. Rd7 Kg6 30. Kf3 Rc2 31. Bc1 Rb4 32. h3 b5 33. g4
hxg4+ 34. hxg4 Nd4+ 35. Kg2 Ne6 36. Kg3 Rcc4 37. Be3 Rxg4+ 38. Kf3 c5 39. Rad1
Ng5+ 40. Bxg5 Rxg5 41. R1d6+ f6 42. Ra6 Ra4 43. Raa7 Kh6 44. Rd2 Ra3+ 45. Kf4
Re5 46. f3 Ra4+ 47. Kg3 Rg5+ 48. Kf2 Ra3 49. Rad7 Rf5 50. R7d3 Rxd3 0-1

[Event "Montcalm 3 2023-24"]
[Site "Quebec CAN"]
[Date "2023.12.07"]
[Round "4"]
[White "Marquis, Paul"]
[Black "Bergeron, Nicolas"]
[Result "1-0"]
[WhiteElo "1915"]
[BlackElo "1446"]
[PlyCount "79"]
[EventDate "2023.11.16"]
[EventType "swiss"]
[EventRounds "5"]
[EventCountry "CAN"]

1. e4 e5 2. Nf3 Nc6 3. Bb5 a6 4. Ba4 Nf6 5. O-O Nxe4 6. d4 b5 7. Bb3 d5 8. dxe5
Be6 9. c3 Be7 10. Nbd2 Nc5 11. Bc2 O-O 12. Qe2 d4 13. cxd4 Nxd4 14. Nxd4 Qxd4
15. Nf3 Qc4 16. Qxc4 Bxc4 17. Re1 Rad8 18. Bg5 Bxg5 19. Nxg5 h6 20. Nf3 Nd3 21.
Bxd3 Rxd3 22. b3 Bd5 23. Rad1 Rxd1 24. Rxd1 Bxf3 25. gxf3 Re8 26. f4 Re6 27.
Rc1 c6 28. Kg2 Kf8 29. Kf3 Ke7 30. Ke4 f6 31. Rg1 g5 32. Kf5 fxe5 33. fxe5 Kf7
34. Rd1 Ke7 35. b4 a5 36. a3 Kf7 37. Rd7+ Re7 38. Rxe7+ Kxe7 39. bxa5 c5 40. a6
1-0

[Event "Montcalm 3 2023-24"]
[Site "Quebec CAN"]
[Date "2023.12.07"]
[Round "4"]
[White "Michaud, Jacques"]
[Black "Sauve, Richard"]
[Result "0-1"]
[WhiteElo "1446"]
[BlackElo "1914"]
[PlyCount "66"]
[EventDate "2023.11.16"]
[EventType "swiss"]
[EventRounds "5"]
[EventCountry "CAN"]

1. c4 e6 2. Nc3 d5 3. d4 Nf6 4. a3 Be7 5. Bg5 O-O 6. Nf3 Nbd7 7. e3 h6 8. Bh4
b6 9. cxd5 exd5 10. Bd3 Bb7 11. O-O Ne4 12. Bxe7 Qxe7 13. Nd2 Nxc3 14. bxc3 c5
15. Re1 Rfe8 16. f3 Qf6 17. Qc2 Re7 18. Bh7+ Kh8 19. Qf5 g6 20. Bxg6 fxg6 21.
Qh3 Kg7 22. e4 cxd4 23. exd5 dxc3 24. Ne4 Qd4+ 25. Kh1 Bxd5 26. Rad1 Qe5 27.
Qh4 Rae8 28. f4 Qe6 29. Qf2 Bxe4 30. Qd4+ Nf6 31. Qxc3 Qg4 32. Rg1 Bxg2+ 33.
Rxg2 Qxd1+ 0-1

[Event "Montcalm 3 2023-24"]
[Site "Quebec CAN"]
[Date "2023.12.07"]
[Round "4"]
[White "Sarra-Bournet, Marc"]
[Black "Savard, Alexandre"]
[Result "1-0"]
[WhiteElo "1838"]
[BlackElo "1739"]
[PlyCount "41"]
[EventDate "2023.11.16"]
[EventType "swiss"]
[EventRounds "5"]
[EventCountry "CAN"]

1. e4 c5 2. Nc3 d6 3. f4 Nc6 4. Nf3 g6 5. Bc4 Bg7 6. f5 gxf5 7. d3 Nf6 8. O-O
Ne5 9. Nxe5 dxe5 10. exf5 h5 11. Be3 Ng4 12. Bxc5 Qc7 13. Ne4 b6 14. Bf2 Bxf5
15. Qf3 Qc8 16. Bh4 Nh6 17. Bg5 O-O 18. Bxh6 Bxe4 19. Bxf7+ Kh7 20. Qxe4+ Kxh6
21. Qg6# 1-0

[Event "Montcalm 3 2023-24"]
[Site "Quebec CAN"]
[Date "2023.12.14"]
[Round "5"]
[White "Bergeron, Nicolas"]
[Black "Fecteau, Martin"]
[Result "0-1"]
[WhiteElo "1446"]
[BlackElo "1897"]
[PlyCount "72"]
[EventDate "2023.11.16"]
[EventType "swiss"]
[EventRounds "5"]
[EventCountry "CAN"]

1. d4 d5 2. c4 c6 3. Nc3 Nf6 4. Nf3 e6 5. Bg5 Nbd7 6. e3 Qa5 7. Bxf6 Nxf6 8.
Qc2 Bb4 9. Nd2 O-O 10. Bd3 h6 11. O-O Bd6 12. f4 Qc7 13. Nf3 b6 14. Ne5 Bb7 15.
a3 a6 16. b4 c5 17. Rab1 cxb4 18. axb4 dxc4 19. Nxc4 Rac8 20. b5 a5 21. Rfc1
Qd8 22. Qe2 Bd5 23. Nxd6 Qxd6 24. e4 Bb7 25. e5 Qxd4+ 26. Kh1 Rxc3 27. Rxc3
Qxc3 28. exf6 Qxf6 29. Qe3 Qd8 30. Rd1 Qc7 31. Rc1 Qd6 32. Be4 Bxe4 33. Qxe4
Rd8 34. h3 Qd5 35. Qe2 Qd4 36. Qf3 Rd5 0-1

[Event "Montcalm 3 2023-24"]
[Site "Quebec CAN"]
[Date "2023.12.14"]
[Round "5"]
[White "Berube, Antoine"]
[Black "Auger, Bertrand"]
[Result "1-0"]
[WhiteElo "2236"]
[BlackElo "1922"]
[PlyCount "65"]
[EventDate "2023.11.16"]
[EventType "swiss"]
[EventRounds "5"]
[EventCountry "CAN"]

1. d4 Nf6 2. c4 e6 3. g3 d5 4. Nf3 Be7 5. Bg2 O-O 6. O-O b6 7. cxd5 Nxd5 8. e4
Nf6 9. Nc3 Bb7 10. Qc2 c5 11. Rd1 cxd4 12. Nxd4 Qc8 13. Qe2 Nc6 14. Be3 Ne5 15.
Rac1 Qc4 16. Qxc4 Nxc4 17. e5 Nd5 18. Nxd5 Bxd5 19. Bxd5 exd5 20. Nf5 Rfe8 21.
Rxd5 Nxe3 22. Nxe3 Bg5 23. f4 Be7 24. Kg2 Bc5 25. Nc4 g6 26. Kf3 h5 27. Rd7 Re6
28. Rcd1 Be7 29. Rc7 Bd8 30. Rb7 Rc8 31. Nd6 Rc7 32. Rb8 Rd7 33. Rc1 1-0

[Event "Montcalm 3 2023-24"]
[Site "Quebec CAN"]
[Date "2023.12.14"]
[Round "5"]
[White "Cournoyer, Dominic"]
[Black "Marquis, Paul"]
[Result "1/2-1/2"]
[WhiteElo "1885"]
[BlackElo "1915"]
[PlyCount "91"]
[EventDate "2023.11.16"]
[EventType "swiss"]
[EventRounds "5"]
[EventCountry "CAN"]

1. c4 Nf6 2. Nf3 g6 3. g3 Bg7 4. Bg2 d6 5. O-O O-O 6. Nc3 e5 7. d4 Nbd7 8. dxe5
dxe5 9. Qc2 Qe7 10. Bg5 c6 11. Qd2 Qe6 12. b3 Ng4 13. h3 h6 14. hxg4 hxg5 15.
Nxg5 Qxg4 16. Bf3 Qd4 17. Qc2 Nf6 18. Rad1 Qb6 19. Nce4 Nxe4 20. Qxe4 Bf6 21.
Qh4 Bxg5 22. Qxg5 Re8 23. Be4 c5 24. Kg2 Qe6 25. Rh1 Kg7 26. Qh6+ Kf6 27. Bd5
Qe7 28. g4 Qf8 29. g5+ Ke7 30. Qh2 Qg7 31. Rd3 Bf5 32. e4 Rh8 33. Qg3 Rxh1 34.
exf5 gxf5 35. Kxh1 f4 36. Qg4 Rh8+ 37. Kg1 Qg6 38. Rd1 Rh5 39. Kf1 Rxg5 40. Qf3
Rg1+ 41. Ke2 Qc2+ 42. Rd2 Qc1 43. Qh5 Qf1+ 44. Kf3 Qg2+ 45. Ke2 Qf1+ 46. Kf3
1/2-1/2

[Event "Montcalm 3 2023-24"]
[Site "Quebec CAN"]
[Date "2023.12.14"]
[Round "5"]
[White "Duguay-Piron, Simon"]
[Black "Fleury, Dominic"]
[Result "1-0"]
[WhiteElo "1747"]
[BlackElo "1364"]
[PlyCount "75"]
[EventDate "2023.11.16"]
[EventType "swiss"]
[EventRounds "5"]
[EventCountry "CAN"]

1. e4 e5 2. Nf3 Nf6 3. Nc3 Nc6 4. d4 exd4 5. Nxd4 Bc5 6. Be3 Bb6 7. Bc4 Ne5 8.
Bb3 d6 9. f3 Bd7 10. Qd2 a5 11. a4 h6 12. O-O-O O-O 13. h3 Qe7 14. Rhf1 Bxd4
15. Qxd4 Nc6 16. Qd2 Nb4 17. g4 Nh7 18. f4 Be6 19. Nd5 Bxd5 20. exd5 Rfe8 21.
Rde1 Qd7 22. g5 Qxh3 23. Rh1 Qf5 24. c3 Nd3+ 25. Kd1 Nxe1 26. Rxe1 h5 27. Bc2
Qg4+ 28. Kc1 g6 29. Rf1 Nf8 30. f5 Qh3 31. Re1 Re5 32. fxg6 fxg6 33. Bd4 Rxe1+
34. Qxe1 Qd7 35. Qf2 Re8 36. Qf6 Qe7 37. Qh8+ Kf7 38. Qg7# 1-0

[Event "Montcalm 3 2023-24"]
[Site "Quebec CAN"]
[Date "2023.12.14"]
[Round "5"]
[White "Genest, Dominic"]
[Black "Drolet, Stephane"]
[Result "1/2-1/2"]
[WhiteElo "1801"]
[BlackElo "2058"]
[PlyCount "44"]
[EventDate "2023.11.16"]
[EventType "swiss"]
[EventRounds "5"]
[EventCountry "CAN"]

1. c4 e5 2. g3 Bc5 3. Nc3 d6 4. Bg2 f5 5. d3 Nf6 6. a3 a5 7. e3 Nc6 8. Nge2 Bb6
9. O-O O-O 10. Kh1 Qe8 11. Nd5 Nxd5 12. Bxd5+ Be6 13. Bg2 Nd8 14. Qb3 a4 15.
Qc2 Bd7 16. Nc3 Ba5 17. Bd2 Bxc3 18. Bxc3 Bc6 19. f4 Bxg2+ 20. Qxg2 c6 21. fxe5
dxe5 22. e4 Qd7 1/2-1/2

[Event "Montcalm 3 2023-24"]
[Site "Quebec CAN"]
[Date "2023.12.14"]
[Round "5"]
[White "Huxley, Zachary"]
[Black "Brown, Zachary"]
[Result "0-1"]
[WhiteElo "1480"]
[BlackElo "1633"]
[PlyCount "86"]
[EventDate "2023.11.16"]
[EventType "swiss"]
[EventRounds "5"]
[EventCountry "CAN"]

1. e4 c5 2. Nf3 Nc6 3. Bc4 d6 4. h3 e6 5. Nc3 Nf6 6. d3 Be7 7. Bf4 d5 8. exd5
exd5 9. Bb5 Bd7 10. Bxc6 Bxc6 11. O-O d4 12. Nb1 O-O 13. Nbd2 Nd5 14. Bg3 b6
15. Re1 Bd6 16. Ne4 Bxg3 17. Nxg3 Nf4 18. Qd2 Nxh3+ 19. Kh2 Bxf3 20. Kxh3 Bc6
21. Qf4 Qd5 22. f3 Rad8 23. Kh2 Qd6 24. Qxd6 Rxd6 25. Nf5 Rf6 26. Ne7+ Kh8 27.
Nxc6 Rxc6 28. Re7 a5 29. Rae1 g6 30. Re8 Rxe8 31. Rxe8+ Kg7 32. Kg3 Re6 33.
Rxe6 fxe6 34. Kg4 Kf6 35. f4 a4 36. a3 h6 37. g3 e5 38. c4 h5+ 39. Kf3 Kf5 40.
fxe5 Kxe5 41. g4 h4 42. Kg2 Kf4 43. Kh3 g5 0-1

[Event "Montcalm 3 2023-24"]
[Site "Quebec CAN"]
[Date "2023.12.14"]
[Round "5"]
[White "Michaud, Jacques"]
[Black "Laflamme, Simon"]
[Result "0-1"]
[WhiteElo "1446"]
[BlackElo "1834"]
[PlyCount "23"]
[EventDate "2023.11.16"]
[EventType "swiss"]
[EventRounds "5"]
[EventCountry "CAN"]

1. c4 c5 2. Nc3 Nf6 3. e4 Nc6 4. Nf3 g6 5. d4 cxd4 6. Nxd4 d6 7. Be2 Nxd4 8.
Qxd4 Bg7 9. Qd3 O-O 10. O-O Be6 11. Nd5 Nd7 12. c5 0-1